Rozhodovanie a usudzovanie pohľady psychológie a ekonómie I.

Salvato in:
Dettagli Bibliografici
Altri autori: Bačová, Viera
Natura: Libro
Lingua:slovacco
inglese
Pubblicazione: Bratislava Ústav experimentálnej psychológie SAV 2010
Soggetti:
Tags: Aggiungi Tag
Nessun Tag, puoi essere il primo ad aggiungerne!!

MARC

LEADER 00000nam a2200000 4500
001 0180488
005 20230227113507.0
020 |a 978-80-88910-30-5 
041 0 |a slo 
041 0 |a eng 
044 |a SK 
245 1 0 |a Rozhodovanie a usudzovanie  |b pohľady psychológie a ekonómie I.  |c Viera Bačová (Ed.) 
264 1 |a Bratislava  |b Ústav experimentálnej psychológie SAV  |c 2010 
300 |a 207 s. 
610 2 0 |a rozhodovanie 
610 2 0 |a psychológia 
610 2 0 |a ekonómia 
610 2 0 |a výskum 
610 2 0 |a štúdie 
610 2 0 |a myslenie ekonomické 
610 2 0 |a teórie ekonomické 
610 2 0 |a emócie 
610 2 0 |a heuristika 
700 1 |a Bačová, Viera